Southville International School and Colleges
Your cart is empty.
  • Cart
  • Lists
    Public lists Eva Luna New books Lux_list list_1
    Your lists Log in to create your own lists
  • Log in to your account
  • Your cookies
  • Search history
Southville International School and Colleges
  • Advanced search
  • Recent comments
  • Most popular
  • Libraries

Log in to your account

Log in with GOOGLE


If you do not have an external account, but do have a local account, you can still log in:

  1. Home
  2. MARC view: Studying shakespeare in performance /
Normal view MARC view ISBD view

Studying shakespeare in performance / (Record no. 115586)

[ view plain ]
MARC details
000 -LEADER
fixed length control field 00689nam a2200205Ia 4500
008 - FIXED-LENGTH DATA ELEMENTS--GENERAL INFORMATION
fixed length control field 140429s9999 xx 000 0 und d
020 ## - INTERNATIONAL STANDARD BOOK NUMBER
International Standard Book Number 9780230273740
050 ## - LIBRARY OF CONGRESS CALL NUMBER
Classification number PR 3091
Item number .B736 2011
100 ## - MAIN ENTRY--PERSONAL NAME
Personal name Brown, John Russell
245 ## - TITLE STATEMENT
Title Studying shakespeare in performance /
Statement of responsibility, etc John Russell Brown.
260 ## - PUBLICATION, DISTRIBUTION, ETC. (IMPRINT)
Place of publication, distribution, etc New York :
Name of publisher, distributor, etc Palgrave Macmillan,
Date of publication, distribution, etc c2011.
300 ## - PHYSICAL DESCRIPTION
Extent 231 p. :
Dimensions 22 cm.
500 ## - GENERAL NOTE
General note Includes bibliographical references and index.
521 ## - TARGET AUDIENCE NOTE
Target audience note
650 ## - SUBJECT ADDED ENTRY--TOPICAL TERM
Topical term or geographic name as entry element LITERARY CRITICISM / Shakespeare.
650 ## - SUBJECT ADDED ENTRY--TOPICAL TERM
Topical term or geographic name as entry element Shakespeare, William, 1564-1616
General subdivision Dramatic production.
650 ## - SUBJECT ADDED ENTRY--TOPICAL TERM
Topical term or geographic name as entry element Shakespeare, William, 1564-1616
General subdivision Stage history.
942 ## - ADDED ENTRY ELEMENTS (KOHA)
Call number prefix Foreign
Koha item type Books
Holdings
Withdrawn status Lost status Source of classification or shelving scheme Damaged status Home library Current library Shelving location Date acquired Source of acquisition Cost, normal purchase price Total Checkouts Full call number Barcode Date last seen Price effective from Koha item type
    Library of Congress Classification   Archives Archives   04/29/2014 Library Fund 2719.00   PR 3091 .B736 2011 C16065 10/30/2014 04/29/2014 Books

Studying shakespeare in performance /

APA

Brown J. R., . (2011). Studying shakespeare in performance. New York: Palgrave Macmillan.

Chicago

Brown John Russell, . 2011. Studying shakespeare in performance. New York: Palgrave Macmillan.

Harvard

Brown J. R., . (2011). Studying shakespeare in performance. New York: Palgrave Macmillan.

MLA

Brown John Russell, . Studying shakespeare in performance. New York: Palgrave Macmillan. 2011.

  • Place hold
  • Print
  • Cite
  • Add to your cart (remove)
  • Save record
    BIBTEX Dublin Core MARCXML MARC (non-Unicode/MARC-8) MARC (Unicode/UTF-8) MARC (Unicode/UTF-8, Standard) MODS (XML) RIS
  • More searches
    Search for this title in:
    Other Libraries (WorldCat) Other Databases (Google Scholar) Online Stores (Bookfinder.com) Open Library (openlibrary.org)

Exporting to Dublin Core...

SOUTHVILLE LIBRARY

Southville International School and Colleges Library

1281 Tropical Ave. Cor. Luxembourg St., BF Homes International, Las Pinas City

Tel. No. 8256374 / 252358 Loc. 117/146

Powered by Koha